[Event "ChampionshipRT"]
[Site "?"]
[Date "2015.10.03"]
[Round "2.2"]
[White "Nizamov, Bulat"]
[Black "Sharafiev, Azat"]
[Result "1-0"]
[LiveChessVersion "1.4.6"]
[BlackElo "2419"]
[WhiteElo "2091"]

1. d4 {[%clk 1:26:46]} Nf6 {[%clk 1:30:55]} 2. c4 {[%clk 1:27:09]} d6
{[%clk 1:31:22]} 3. Nf3 {[%clk 1:26:02]} Nbd7 {[%clk 1:31:25]} 4. Nc3
{[%clk 1:24:43]} e5 {[%clk 1:31:17]} 5. g3 {[%clk 1:21:57]} g6 {[%clk 1:28:58]}
6. Bg2 {[%clk 1:22:03]} Bg7 {[%clk 1:29:24]} 7. O-O {[%clk 1:22:07]} O-O
{[%clk 1:29:49]} 8. h3 {[%clk 1:20:14]} a6 {[%clk 1:27:40]} 9. e4
{[%clk 1:18:51]} exd4 {[%clk 1:24:15]} 10. Nxd4 {[%clk 1:19:11]} Re8
{[%clk 1:22:31]} 11. Rb1 {[%clk 1:10:22]} Rb8 {[%clk 1:22:12]} 12. Re1
{[%clk 1:09:29]} c5 {[%clk 0:56:08]} 13. Nc2 {[%clk 1:05:38]} b5 {[%clk 0:56:18]}
14. cxb5 {[%clk 1:02:49]} axb5 {[%clk 0:54:46]} 15. b4 {[%clk 1:02:25]} Nh5
{[%clk 0:48:10]} 16. Bb2 {[%clk 0:50:40]} Ne5 {[%clk 0:46:43]} 17. Bf1
{[%clk 0:45:15]} Nc4 {[%clk 0:45:38]} 18. Ba1 {[%clk 0:43:26]} Bd7
{[%clk 0:41:24]} 19. a4 {[%clk 0:40:56]} Qc8 {[%clk 0:28:58]} 20. Nxb5
{[%clk 0:37:12]} Bxb5 {[%clk 0:28:24]} 21. axb5 {[%clk 0:36:05]} Bxa1
{[%clk 0:27:51]} 22. Rxa1 {[%clk 0:35:11]} cxb4 {[%clk 0:26:29]} 23. Nxb4
{[%clk 0:34:14]} Rxb5 {[%clk 0:23:08]} 24. Nd5 {[%clk 0:34:15]} Re6
{[%clk 0:20:40]} 25. Rc1 {[%clk 0:24:54]} Rc5 {[%clk 0:20:49]} 26. Rxc4
{[%clk 0:24:52]} Rxc4 {[%clk 0:21:07]} 27. Nb6 {[%clk 0:24:56]} Qc5
{[%clk 0:20:42]} 28. Nxc4 {[%clk 0:23:25]} Nxg3 {[%clk 0:21:04]} 29. Qd3
{[%clk 0:22:42]} Nh5 {[%clk 0:20:10]} 30. Qe3 {[%clk 0:22:09]} Qb4
{[%clk 0:20:15]} 31. Ra1 {[%clk 0:18:30]} Qb7 {[%clk 0:18:06]} 32. Bg2
{[%clk 0:17:15]} d5 {[%clk 0:17:49]} 33. e5 {[%clk 0:16:30]} Qb5 {[%clk 0:17:38]}
34. Nd6 {[%clk 0:15:19]} Qc6 {[%clk 0:16:07]} 35. Rc1 {[%clk 0:14:21]} Qd7
{[%clk 0:14:08]} 36. Bxd5 {[%clk 0:12:36]} Re7 {[%clk 0:14:08]} 37. Qh6
{[%clk 0:11:48]} Ng7 {[%clk 0:14:29]} 38. Rc8+ {[%clk 0:11:35]} Ne8
{[%clk 0:14:58]} 39. Bxf7+ {[%clk 0:11:18]} 1-0

[Event "ChampionshipRT"]
[Site "?"]
[Date "2015.10.03"]
[Round "2.3"]
[White "Faizrakhmanov, Ramil"]
[Black "Sadykov, Renat"]
[Result "1-0"]
[LiveChessVersion "1.4.6"]
[BlackElo "2073"]
[WhiteElo "2389"]

1. d4 {[%clk 1:30:57]} d5 {[%clk 1:30:22]} 2. Nf3 {[%clk 1:29:06]} Nf6
{[%clk 1:30:37]} 3. g3 {[%clk 1:28:21]} e6 {[%clk 1:30:33]} 4. Bg2
{[%clk 1:27:09]} Be7 {[%clk 1:30:28]} 5. c4 {[%clk 1:27:08]} O-O {[%clk 1:30:40]}
6. Qc2 {[%clk 1:26:01]} c6 {[%clk 1:20:05]} 7. O-O {[%clk 1:24:48]} Nbd7
{[%clk 1:18:45]} 8. Rd1 {[%clk 1:21:13]} b6 {[%clk 1:11:38]} 9. Nc3
{[%clk 1:19:56]} Bb7 {[%clk 1:07:36]} 10. e4 {[%clk 1:14:13]} dxc4
{[%clk 0:56:09]} 11. a4 {[%clk 0:56:03]} a6 {[%clk 0:49:14]} 12. Bf4
{[%clk 0:51:50]} b5 {[%clk 0:44:07]} 13. Ne5 {[%clk 0:51:26]} Nxe5
{[%clk 0:39:32]} 14. Bxe5 {[%clk 0:48:48]} Qb6 {[%clk 0:35:35]} 15. Rd2
{[%clk 0:43:54]} Rac8 {[%clk 0:26:13]} 16. Re1 {[%clk 0:43:01]} Rfd8
{[%clk 0:23:18]} 17. Qd1 {[%clk 0:40:57]} h6 {[%clk 0:16:45]} 18. Qe2
{[%clk 0:40:28]} Rd7 {[%clk 0:14:17]} 19. Red1 {[%clk 0:37:47]} Rcd8
{[%clk 0:13:39]} 20. Bh3 {[%clk 0:37:23]} Kf8 {[%clk 0:08:50]} 21. Qe3
{[%clk 0:27:45]} b4 {[%clk 0:03:50]} 22. Ne2 {[%clk 0:27:34]} a5 {[%clk 0:02:07]}
23. Nf4 {[%clk 0:26:33]} c3 {[%clk 0:01:15]} 24. bxc3 {[%clk 0:23:54]} bxc3
{[%clk 0:01:40]} 25. Rc2 {[%clk 0:22:26]} Qb3 {[%clk 0:01:32]} 26. Rdc1
{[%clk 0:17:36]} g5 {[%clk 0:00:47]} 27. Rxc3 {[%clk 0:16:55]} gxf4
{[%clk 0:00:58]} 28. Qxf4 1-0

[Event "ChampionshipRT"]
[Site "?"]
[Date "2015.10.03"]
[Round "2.4"]
[White "Chupakhin, Evgeny"]
[Black "Murtazin, Bulat"]
[Result "0-1"]
[LiveChessVersion "1.4.6"]
[BlackElo "2384"]
[WhiteElo "2042"]

1. d4 {[%clk 1:23:35]} d5 {[%clk 1:30:51]} 2. Nf3 {[%clk 1:23:59]} Nf6
{[%clk 1:31:14]} 3. Bf4 {[%clk 1:24:27]} c5 {[%clk 1:29:54]} 4. c3
{[%clk 1:24:18]} Nc6 {[%clk 1:28:05]} 5. dxc5 {[%clk 1:21:02]} Ne4
{[%clk 1:18:35]} 6. b4 {[%clk 1:16:06]} g6 {[%clk 1:18:02]} 7. b5
{[%clk 1:04:04]} Na5 {[%clk 1:15:20]} 8. Qd4 {[%clk 1:01:35]} f6 {[%clk 1:15:15]}
9. Be3 {[%clk 0:37:20]} Nc4 {[%clk 1:08:21]} 10. Nfd2 {[%clk 0:35:03]} e5
{[%clk 0:58:32]} 11. Qd3 {[%clk 0:35:05]} Nexd2 {[%clk 0:53:07]} 12. Bxd2
{[%clk 0:33:30]} Bf5 {[%clk 0:52:20]} 13. Qf3 {[%clk 0:33:13]} Bxc5
{[%clk 0:51:36]} 14. e3 {[%clk 0:32:43]} Bxb1 {[%clk 0:49:24]} 15. Rxb1
{[%clk 0:32:22]} Nxd2 {[%clk 0:49:43]} 16. Kxd2 {[%clk 0:32:48]} O-O
{[%clk 0:49:58]} 17. Qd1 {[%clk 0:31:06]} Kh8 {[%clk 0:48:11]} 18. Bd3
{[%clk 0:28:25]} d4 {[%clk 0:48:01]} 19. exd4 {[%clk 0:27:51]} exd4
{[%clk 0:48:18]} 20. c4 {[%clk 0:27:23]} Qa5+ {[%clk 0:47:27]} 21. Ke2
{[%clk 0:24:43]} Rae8+ {[%clk 0:47:24]} 22. Kf3 {[%clk 0:21:10]} f5
{[%clk 0:45:26]} 23. Rb2 {[%clk 0:16:24]} f4 {[%clk 0:44:17]} 24. Re2
{[%clk 0:16:10]} Re3+ {[%clk 0:32:29]} 25. Rxe3 {[%clk 0:01:49]} fxe3+
{[%clk 0:32:39]} 26. Kg3 {[%clk 0:01:04]} Qc7+ {[%clk 0:31:10]} 27. Kh3
{[%clk 0:01:26]} Qf4 {[%clk 0:24:12]} 28. g3 {[%clk 0:00:39]} Qh6+
{[%clk 0:24:14]} 29. Kg2 {[%clk 0:00:45]} Rxf2+ {[%clk 0:24:28]} 30. Kg1
{[%clk 0:01:13]} Qh3 {[%clk 0:24:17]} 31. Bf1 {[%clk 0:00:42]} Qf5
{[%clk 0:22:06]} 32. Qd3 {[%clk 0:00:32]} Qxd3 {[%clk 0:21:13]} 33. Bxd3
{[%clk 0:01:01]} Rd2 {[%clk 0:21:33]} 34. Be4 {[%clk 0:01:20]} Rf2 35. Bd3 Rd2
0-1

[Event "ChampionshipRT"]
[Site "?"]
[Date "2015.10.03"]
[Round "2.5"]
[White "Yandemirov, Valeri"]
[Black "Gilyazitdinov, Nikita"]
[Result "1-0"]
[LiveChessVersion "1.4.6"]
[BlackElo "2015"]
[WhiteElo "2376"]

1. Nf3 {[%clk 1:30:57]} Nf6 {[%clk 1:26:41]} 2. g3 {[%clk 1:31:14]} d5
{[%clk 1:26:50]} 3. Bg2 {[%clk 1:31:37]} c6 {[%clk 1:26:57]} 4. O-O
{[%clk 1:31:47]} Bf5 {[%clk 1:27:08]} 5. d3 {[%clk 1:30:15]} e6 {[%clk 1:26:25]}
6. b3 {[%clk 1:29:23]} Be7 {[%clk 1:25:11]} 7. Bb2 {[%clk 1:29:00]} h6
{[%clk 1:24:03]} 8. Nbd2 {[%clk 1:29:21]} O-O {[%clk 1:24:01]} 9. e3
{[%clk 1:29:37]} a5 {[%clk 1:23:14]} 10. a4 {[%clk 1:29:18]} Na6 {[%clk 1:20:40]}
11. Ne5 {[%clk 1:25:33]} Qc7 {[%clk 1:13:33]} 12. f4 {[%clk 1:17:33]} Bh7
{[%clk 0:58:23]} 13. Ndf3 {[%clk 1:14:11]} Rac8 {[%clk 0:50:20]} 14. g4
{[%clk 1:04:11]} Nd7 {[%clk 0:38:02]} 15. Nxd7 {[%clk 0:58:09]} Qxd7
{[%clk 0:38:25]} 16. g5 {[%clk 0:57:17]} hxg5 {[%clk 0:36:10]} 17. Nxg5
{[%clk 0:55:29]} Bf5 {[%clk 0:27:36]} 18. Qh5 {[%clk 0:50:42]} Bg6
{[%clk 0:14:10]} 19. Qg4 {[%clk 0:48:04]} Bf5 {[%clk 0:06:55]} 20. Qg3
{[%clk 0:43:28]} f6 {[%clk 0:05:54]} 21. e4 {[%clk 0:41:45]} fxg5
{[%clk 0:05:12]} 22. exf5 {[%clk 0:41:55]} Rxf5 {[%clk 0:01:41]} 23. Bh3
{[%clk 0:40:55]} Bf6 {[%clk 0:00:54]} 24. Bxf6 {[%clk 0:36:47]} Rxf6
{[%clk 0:01:18]} 25. fxg5 {[%clk 0:36:47]} Rxf1+ {[%clk 0:01:31]} 26. Rxf1
{[%clk 0:37:07]} Rf8 {[%clk 0:01:23]} 27. Re1 {[%clk 0:30:34]} Nc7
{[%clk 0:01:36]} 28. Qe5 {[%clk 0:17:56]} Qe7 {[%clk 0:01:14]} 29. Bxe6+
{[%clk 0:14:01]} Nxe6 {[%clk 0:01:36]} 30. Qxe6+ {[%clk 0:14:27]} Qxe6
{[%clk 0:01:58]} 31. Rxe6 {[%clk 0:14:56]} Kf7 {[%clk 0:01:51]} 32. Re5
{[%clk 0:15:02]} Kg6 {[%clk 0:01:50]} 33. Re7 {[%clk 0:15:03]} Rf5
{[%clk 0:01:12]} 34. Rxb7 {[%clk 0:11:48]} Rxg5+ {[%clk 0:01:37]} 35. Kf2
{[%clk 0:10:57]} Rh5 {[%clk 0:01:52]} 36. Kg3 {[%clk 0:10:49]} Rg5+
{[%clk 0:01:47]} 37. Kf3 {[%clk 0:11:12]} Rh5 {[%clk 0:01:53]} 38. Rc7
{[%clk 0:10:16]} Rxh2 {[%clk 0:02:13]} 39. Rxc6+ {[%clk 0:10:42]} Kf5
{[%clk 0:02:32]} 40. Rc5 {[%clk 0:09:36]} Ke5 {[%clk 0:02:31]} 41. c4
{[%clk 0:08:03]} Rh3+ {[%clk 0:01:50]} 42. Ke2 {[%clk 0:08:11]} Kd4
{[%clk 0:01:47]} 43. Rxd5+ {[%clk 0:08:31]} Kc3 {[%clk 0:02:10]} 44. Rxa5
{[%clk 0:08:04]} Kxb3 {[%clk 0:01:33]} 45. Rb5+ {[%clk 0:07:36]} Kc3
{[%clk 0:00:51]} 46. Rd5 {[%clk 0:07:55]} Rh2+ {[%clk 0:01:04]} 47. Ke3
{[%clk 0:07:26]} Rh6 {[%clk 0:00:40]} 48. a5 {[%clk 0:05:34]} Re6+
{[%clk 0:00:52]} 49. Kf4 {[%clk 0:05:57]} g6 {[%clk 0:00:41]} 50. c5
{[%clk 0:04:23]} Ra6 {[%clk 0:00:39]} 51. Rd6 {[%clk 0:03:27]} Rxa5
{[%clk 0:00:56]} 52. d4 {[%clk 0:03:31]} Kc4 {[%clk 0:00:37]} 53. c6
{[%clk 0:03:51]} Rf5+ {[%clk 0:00:42]} 54. Kg4 {[%clk 0:04:12]} Rf7
{[%clk 0:00:39]} 55. Rd7 {[%clk 0:04:24]} Rf8 {[%clk 0:01:04]} 56. c7
{[%clk 0:04:33]} Rc8 {[%clk 0:01:22]} 57. d5 {[%clk 0:04:58]} Kxd5 1-0

[Event "ChampionshipRT"]
[Site "?"]
[Date "2015.10.03"]
[Round "2.6"]
[White "Suleimanov, Albert"]
[Black "Samusenko, Maksim"]
[Result "0-1"]
[LiveChessVersion "1.4.6"]
[BlackElo "2334"]
[WhiteElo "2033"]

1. d4 {[%clk 1:30:59]} Nf6 {[%clk 1:30:51]} 2. c4 {[%clk 1:31:23]} g6
{[%clk 1:31:12]} 3. Nc3 {[%clk 1:31:42]} Bg7 {[%clk 1:31:35]} 4. e4
{[%clk 1:31:48]} d6 {[%clk 1:31:55]} 5. Be2 {[%clk 1:31:30]} O-O {[%clk 1:32:15]}
6. Nf3 {[%clk 1:31:30]} Na6 {[%clk 1:32:32]} 7. Be3 {[%clk 1:29:40]} e5
{[%clk 1:32:19]} 8. d5 {[%clk 1:28:23]} Ng4 {[%clk 1:31:26]} 9. Bg5
{[%clk 1:27:33]} f6 {[%clk 1:31:36]} 10. Bh4 {[%clk 1:27:49]} h5 {[%clk 1:31:54]}
11. Nd2 {[%clk 1:24:54]} Nh6 {[%clk 1:32:14]} 12. f3 {[%clk 1:23:40]} Nf7
{[%clk 1:32:01]} 13. a3 {[%clk 1:20:14]} c5 {[%clk 1:29:57]} 14. b4
{[%clk 1:14:47]} cxb4 {[%clk 1:22:18]} 15. axb4 {[%clk 1:15:12]} Nxb4
{[%clk 1:22:41]} 16. O-O {[%clk 1:10:56]} Bh6 {[%clk 1:09:14]} 17. Bf2
{[%clk 1:07:49]} Na6 {[%clk 1:06:15]} 18. Nb5 {[%clk 0:58:34]} b6
{[%clk 0:59:29]} 19. Ra4 {[%clk 0:58:41]} Qd7 {[%clk 0:57:12]} 20. Nb3
{[%clk 0:54:32]} Nc5 {[%clk 0:56:44]} 21. Nxc5 {[%clk 0:54:15]} dxc5
{[%clk 0:55:36]} 22. Qb3 {[%clk 0:46:42]} Qb7 {[%clk 0:45:08]} 23. Rb1
{[%clk 0:42:02]} Bd7 {[%clk 0:43:18]} 24. Ra2 {[%clk 0:41:54]} Rfb8
{[%clk 0:37:25]} 25. d6 {[%clk 0:39:04]} Bf8 {[%clk 0:31:50]} 26. Nc7
{[%clk 0:34:41]} Bxd6 {[%clk 0:31:52]} 27. Nxa8 {[%clk 0:34:58]} Rxa8
{[%clk 0:32:09]} 28. Qa3 {[%clk 0:34:20]} Qc7 {[%clk 0:30:10]} 29. Rd2
{[%clk 0:29:21]} Be6 {[%clk 0:28:30]} 30. Rbd1 {[%clk 0:29:12]} Bf8
{[%clk 0:27:48]} 31. Be3 {[%clk 0:26:43]} Nd8 {[%clk 0:24:40]} 32. Rxd8
{[%clk 0:24:04]} Rxd8 {[%clk 0:25:05]} 33. Rxd8 {[%clk 0:24:30]} Qxd8
{[%clk 0:25:31]} 34. Qxa7 {[%clk 0:24:54]} Be7 {[%clk 0:25:48]} 35. Qb7
{[%clk 0:22:18]} Qd6 {[%clk 0:21:47]} 36. g3 {[%clk 0:17:49]} Kg7
{[%clk 0:18:05]} 37. Kg2 {[%clk 0:13:44]} Bd7 {[%clk 0:18:16]} 38. Kf2
{[%clk 0:13:08]} Qe6 {[%clk 0:13:20]} 39. Qc7 {[%clk 0:07:06]} Kf7
{[%clk 0:11:44]} 40. Qb8 {[%clk 0:06:33]} Bc8 {[%clk 0:11:24]} 41. Qc7
{[%clk 0:06:15]} Ba6 {[%clk 0:10:38]} 42. f4 {[%clk 0:03:56]} exf4
{[%clk 0:08:01]} 43. gxf4 {[%clk 0:04:05]} Qxe4 {[%clk 0:07:49]} 44. Bf3
{[%clk 0:02:04]} Qc2+ {[%clk 0:08:03]} 45. Kg3 {[%clk 0:02:04]} Bxc4
{[%clk 0:08:16]} 46. h4 {[%clk 0:00:54]} Qd3 {[%clk 0:07:18]} 47. Kf2
{[%clk 0:01:09]} Qd8 {[%clk 0:06:31]} 48. Qb7 {[%clk 0:01:08]} Be6
{[%clk 0:06:27]} 49. Be4 {[%clk 0:01:03]} f5 {[%clk 0:06:24]} 50. Bc6
{[%clk 0:00:50]} Kg8 {[%clk 0:06:32]} 51. Kf3 {[%clk 0:00:50]} Bxh4
{[%clk 0:05:12]} 0-1

[Event "ChampionshipRT"]
[Site "?"]
[Date "2015.10.03"]
[Round "2.7"]
[White "Rodchenkov, Vitaly"]
[Black "Garafutdinov, Ainur"]
[Result "0-1"]
[LiveChessVersion "1.4.6"]
[BlackElo "1998"]
[WhiteElo "2327"]

1. b3 {[%clk 1:30:28]} e5 {[%clk 1:30:31]} 2. Bb2 {[%clk 1:30:47]} Nc6
{[%clk 1:30:59]} 3. e3 {[%clk 1:31:06]} d5 {[%clk 1:31:12]} 4. Bb5
{[%clk 1:31:19]} f6 {[%clk 1:31:35]} 5. c4 {[%clk 1:29:48]} Be6 {[%clk 1:31:40]}
6. Nf3 {[%clk 1:27:39]} dxc4 {[%clk 1:24:51]} 7. bxc4 {[%clk 1:26:45]} Qd3
{[%clk 1:24:07]} 8. Qb3 {[%clk 1:01:56]} O-O-O {[%clk 1:20:45]} 9. Qxd3
{[%clk 1:01:56]} Rxd3 {[%clk 1:21:14]} 10. Ke2 {[%clk 0:57:24]} Rd8
{[%clk 1:21:26]} 11. Rc1 {[%clk 0:56:46]} Nb4 {[%clk 1:15:15]} 12. d4
{[%clk 0:48:42]} Bf5 {[%clk 1:13:08]} 13. Ne1 {[%clk 0:47:31]} exd4
{[%clk 1:10:57]} 14. exd4 {[%clk 0:47:51]} c6 {[%clk 1:11:13]} 15. Ba4
{[%clk 0:48:05]} Nh6 {[%clk 1:11:07]} 16. a3 {[%clk 0:42:44]} Re8+
{[%clk 1:10:35]} 17. Kd2 {[%clk 0:42:47]} Bd6 {[%clk 1:09:45]} 18. g3
{[%clk 0:32:49]} Rxe1 {[%clk 1:07:56]} 19. Rxe1 {[%clk 0:33:02]} Nd3
{[%clk 1:08:23]} 20. Bc2 {[%clk 0:24:47]} Nxb2 {[%clk 1:05:30]} 21. c5
{[%clk 0:24:32]} Bc7 {[%clk 1:03:53]} 22. Bxf5+ {[%clk 0:18:43]} Nxf5
{[%clk 1:04:22]} 23. Kc2 {[%clk 0:18:33]} Na4 {[%clk 1:04:04]} 24. Re4
{[%clk 0:11:58]} Rd8 {[%clk 1:03:57]} 25. Kb3 {[%clk 0:12:17]} Rxd4
{[%clk 1:03:25]} 26. Rxd4 {[%clk 0:11:18]} Nxc5+ {[%clk 1:03:51]} 27. Kc4
{[%clk 0:10:59]} Nxd4 {[%clk 1:04:20]} 28. Ra2 {[%clk 0:10:59]} Nde6
{[%clk 1:04:23]} 29. Kc3 {[%clk 0:08:31]} Ba5+ {[%clk 1:02:39]} 30. Kc2
{[%clk 0:08:45]} Nd4+ {[%clk 1:02:38]} 31. Kd1 {[%clk 0:09:08]} Nd3
{[%clk 1:02:42]} 32. f4 {[%clk 0:09:04]} c5 {[%clk 1:02:24]} 0-1

[Event "ChampionshipRT"]
[Site "?"]
[Date "2015.10.03"]
[Round "2.8"]
[White "Ospennikov, Dmitry V"]
[Black "Krylov, Mikhail"]
[Result "1-0"]
[LiveChessVersion "1.4.6"]
[BlackElo "1645"]
[WhiteElo "2296"]

1. e4 {[%clk 1:30:57]} c5 {[%clk 1:30:56]} 2. Nf3 {[%clk 1:31:20]} e6
{[%clk 1:31:22]} 3. d4 {[%clk 1:31:41]} cxd4 {[%clk 1:31:49]} 4. Nxd4
{[%clk 1:32:05]} a6 {[%clk 1:32:15]} 5. Bd3 {[%clk 1:32:20]} Qc7 {[%clk 1:32:37]}
6. O-O {[%clk 1:32:30]} Nc6 {[%clk 1:32:59]} 7. Nxc6 {[%clk 1:32:38]} bxc6
{[%clk 1:33:23]} 8. c4 {[%clk 1:32:56]} Nf6 {[%clk 1:32:48]} 9. Qe2
{[%clk 1:32:40]} d6 {[%clk 1:30:47]} 10. f4 {[%clk 1:30:47]} Nd7 {[%clk 1:27:20]}
11. b3 {[%clk 1:28:45]} Be7 {[%clk 1:22:35]} 12. Bb2 {[%clk 1:28:50]} e5
{[%clk 1:21:41]} 13. Kh1 {[%clk 1:26:31]} Nc5 {[%clk 1:04:41]} 14. Bc2
{[%clk 1:26:04]} Bd7 {[%clk 0:56:58]} 15. f5 {[%clk 1:25:58]} Rb8
{[%clk 0:52:07]} 16. Bc3 {[%clk 1:25:32]} a5 {[%clk 0:50:21]} 17. Nd2
{[%clk 1:25:36]} Na6 {[%clk 0:48:34]} 18. a3 {[%clk 1:24:16]} Bf6
{[%clk 0:41:52]} 19. Nf3 {[%clk 1:22:59]} g6 {[%clk 0:37:17]} 20. g4
{[%clk 1:22:08]} g5 {[%clk 0:34:18]} 21. Kg2 {[%clk 1:20:01]} Bc8
{[%clk 0:27:54]} 22. Qd2 {[%clk 1:20:05]} Bd8 {[%clk 0:27:30]} 23. Rad1
{[%clk 1:20:15]} Nc5 {[%clk 0:27:33]} 24. b4 {[%clk 1:20:29]} axb4
{[%clk 0:27:41]} 25. axb4 {[%clk 1:20:48]} Nb7 {[%clk 0:27:52]} 26. c5
{[%clk 1:21:06]} Be7 {[%clk 0:26:52]} 27. cxd6 {[%clk 1:20:26]} Bxd6
{[%clk 0:26:42]} 28. Qxg5 {[%clk 1:20:32]} Qe7 {[%clk 0:26:11]} 29. Qxe7+
{[%clk 1:20:44]} Kxe7 {[%clk 0:26:16]} 30. Nxe5 {[%clk 1:21:09]} Bxe5
{[%clk 0:25:03]} 31. Bxe5 {[%clk 1:21:16]} Bd7 {[%clk 0:25:28]} 32. Bxh8
{[%clk 1:21:36]} Rxh8 {[%clk 0:25:54]} 33. e5 {[%clk 1:21:51]} f6
{[%clk 0:26:12]} 34. exf6+ {[%clk 1:22:15]} 1-0

[Event "ChampionshipRT"]
[Site "?"]
[Date "2015.10.03"]
[Round "2.9"]
[White "Khazieva, Elza"]
[Black "Bulatova, Kamaliya"]
[Result "1/2-1/2"]
[LiveChessVersion "1.4.6"]
[BlackElo "1808"]
[WhiteElo "2130"]

1. e4 {[%clk 1:26:05]} c5 {[%clk 1:30:44]} 2. Nf3 {[%clk 1:26:16]} d6
{[%clk 1:31:08]} 3. d4 {[%clk 1:26:01]} cxd4 {[%clk 1:31:33]} 4. Nxd4
{[%clk 1:26:26]} Nf6 {[%clk 1:31:57]} 5. Nc3 {[%clk 1:26:49]} a6 {[%clk 1:32:23]}
6. Be2 {[%clk 1:27:07]} e6 {[%clk 1:32:17]} 7. O-O {[%clk 1:27:00]} Be7
{[%clk 1:32:25]} 8. a4 {[%clk 1:26:16]} Nc6 {[%clk 1:30:16]} 9. Be3
{[%clk 1:26:08]} O-O {[%clk 1:30:21]} 10. f4 {[%clk 1:24:19]} Bd7
{[%clk 1:24:06]} 11. Qe1 {[%clk 1:16:13]} Ne8 {[%clk 1:17:42]} 12. Bd3
{[%clk 0:55:00]} Bh4 {[%clk 1:10:33]} 13. Qe2 {[%clk 0:53:23]} Bf6
{[%clk 1:08:15]} 14. Nxc6 {[%clk 0:47:17]} bxc6 {[%clk 1:05:33]} 15. e5
{[%clk 0:46:11]} dxe5 {[%clk 1:02:21]} 16. fxe5 {[%clk 0:46:22]} Bxe5
{[%clk 0:59:26]} 17. Bxh7+ {[%clk 0:43:35]} Kxh7 {[%clk 0:57:58]} 18. Qh5+
{[%clk 0:44:01]} Kg8 {[%clk 0:58:19]} 19. Qxe5 {[%clk 0:44:27]} Qc7
{[%clk 0:55:57]} 20. Qh5 {[%clk 0:42:14]} f5 {[%clk 0:49:52]} 21. a5
{[%clk 0:25:06]} Nf6 {[%clk 0:47:44]} 22. Qe2 {[%clk 0:17:10]} Ng4
{[%clk 0:42:51]} 23. Bf4 {[%clk 0:16:49]} e5 {[%clk 0:43:05]} 24. Bd2
{[%clk 0:12:26]} Be6 {[%clk 0:35:54]} 25. h3 {[%clk 0:10:07]} Nf6
{[%clk 0:35:45]} 26. Bf4 {[%clk 0:05:28]} Qa7+ {[%clk 0:33:21]} 27. Be3
{[%clk 0:04:42]} Qf7 {[%clk 0:32:51]} 28. b3 {[%clk 0:03:52]} Rfe8
{[%clk 0:30:45]} 29. Rfd1 {[%clk 0:02:31]} Nd5 {[%clk 0:29:03]} 30. Na4
{[%clk 0:02:35]} Qg6 {[%clk 0:26:47]} 31. c4 {[%clk 0:02:28]} Nxe3
{[%clk 0:25:29]} 32. Qxe3 {[%clk 0:02:57]} f4 {[%clk 0:25:46]} 33. Qf3
{[%clk 0:01:48]} e4 {[%clk 0:25:13]} 34. Qxf4 {[%clk 0:02:16]} Bxh3
{[%clk 0:25:26]} 35. Qh2 {[%clk 0:01:53]} Bf5 {[%clk 0:20:30]} 36. Rd6
{[%clk 0:01:03]} Qg5 {[%clk 0:20:54]} 37. Re1 {[%clk 0:01:28]} Rad8
{[%clk 0:18:23]} 38. c5 {[%clk 0:01:17]} Be6 {[%clk 0:17:48]} 39. b4
{[%clk 0:00:50]} Bd5 {[%clk 0:17:39]} 40. Nc3 {[%clk 0:01:04]} Qd2
{[%clk 0:13:52]} 41. Qg3 {[%clk 0:01:33]} Rb8 {[%clk 0:13:33]} 42. Rd7
{[%clk 0:00:49]} Qd4+ {[%clk 0:13:31]} 43. Qe3 {[%clk 0:00:48]} Rxb4
{[%clk 0:13:11]} 44. Nxd5 {[%clk 0:00:42]} cxd5 {[%clk 0:13:02]} 45. Qxd4
{[%clk 0:00:50]} Rxd4 {[%clk 0:13:28]} 46. c6 {[%clk 0:00:38]} Rc8
{[%clk 0:09:24]} 47. c7 {[%clk 0:00:56]} Kh7 {[%clk 0:09:50]} 48. Re3
{[%clk 0:01:11]} Rc4 {[%clk 0:09:03]} 49. Rh3+ {[%clk 0:00:53]} Kg6
{[%clk 0:08:45]} 50. Rxd5 {[%clk 0:00:49]} R8xc7 {[%clk 0:07:36]} 51. Rd6+
{[%clk 0:01:14]} Kf7 {[%clk 0:08:02]} 52. Rxa6 {[%clk 0:01:28]} Rc1+
{[%clk 0:07:29]} 53. Kh2 {[%clk 0:01:37]} 1/2-1/2